000 00747nam a2200277 i 4500
001 C2-0289958
003 PPAK
005 20180728022556.0
008 080923s2008 my a|||| ||||| | may d
020 _a9789836293152
040 _aPPAK
_beng
_cPPAK
_erda
082 0 4 _a577.6
_223
090 0 0 _a577.6
_bAHM
_dG
090 0 0 _a577.6
_bAHM
_dKMI
100 0 _aAhmad Ismail,
_eauthor
245 1 0 _aEkologi air tawar
250 _aEdisi 2
264 1 _aKuala Lumpur :
_bDewan Bahasa dan Pustaka ,
_c2008
300 _axv, 349 pages :
_bcolour illustrations ;
_c25 cm
336 _2rdacontent
_atext
337 _2rdamedia
_aunmediated
338 _2rdacarrier
_avolume
650 1 0 _aFreshwater ecology.
700 _eauthor
942 _ddc
_cB
999 _c95259
_d95259